00726nam a22002057a 450000500170000001000150001702000260003203500140005803700130007208200160008510000240010124500630012526000480018827000640023630000200030070000240032094200300034499900190037495201270039320240216123042.0 aENG-139325 c900.00a9789387315310 aEN-122857 bDBAD/PUB a301.3640954 aJANA ARINDAM962215 aUrban India 2015:Evidence/cBy Arindam Jana ,Teja Malladi  aBengalorebIIHS Bangalore City Campusc2011 aNo.197/36,2nd Main Road Sadashiva Nagar bBengalurue560080 a180p.c23cm(hb) aMalladi,Teja962216 2ddccENmJANh301.3640954 c200852d200852 001040718NFICaZLSbZLSd2024-02-16g900.00l0oJAN 301.3640954pEN-122857r2024-02-16 00:00:00v900.00w2024-02-16yEN